Ректор ТПИ А. А. Воробьев и его соратники. Традиции и стиль работы; Кузбасс и старейшая горная школа Сибири

Xehetasun bibliografikoak
Parent link:Кузбасс и старейшая горная школа Сибири.— 1996.— С. 50-53
Egile nagusia: Алимов О. Д. Олег Дмитриевич
Hizkuntza:errusiera
Argitaratua: 1996
Gaiak:
Formatua: Liburu kapitulua
KOHA link:https://koha.lib.tpu.ru/cgi-bin/koha/opac-detail.pl?biblionumber=305672

MARC

LEADER 00000naa2a2200000 4500
001 305672
005 20231101011021.0
035 |a (RuTPU)RU\TPU\book\330944 
035 |a RU\TPU\book\330935 
090 |a 305672 
100 |a 20150929d1996 k y0rusy50 ca 
101 0 |a rus 
102 |a RU 
200 1 |a Ректор ТПИ А. А. Воробьев и его соратники. Традиции и стиль работы  |f О. Д. Алимов 
463 0 |0 (RuTPU)RU\TPU\book\132685  |y 5-900-1-125-26-2  |t Кузбасс и старейшая горная школа Сибири  |f под ред. Б. В. Красильникова  |v С. 50-53  |d 1996  |p 64 с. 
600 1 |a Воробьев  |b А. А.  |c российский физик  |f 1909-1981  |g Александр Акимович  |c ректор Томского политехнического института, профессор  |y Томск  |x TPU  |2 stltpush  |3 (RuTPU)RU\TPU\pers\12805 
610 1 |a труды учёных ТПУ 
700 1 |a Алимов  |b О. Д.  |c специалист в области горного машиностроения  |c профессор Томского политехнического университета, доктор технических наук  |f 1923-2003  |g Олег Дмитриевич  |2 stltpush  |3 (RuTPU)RU\TPU\pers\8901 
801 1 |a RU  |b 63413507  |c 20150929 
801 2 |a RU  |b 63413507  |c 20161221  |g RCR 
942 |c BK